<?xml version="1.0" encoding="UTF-8"?>
<record
    xmlns:xsi="http://www.w3.org/2001/XMLSchema-instance"
    xsi:schemaLocation="http://www.loc.gov/MARC21/slim http://www.loc.gov/standards/marcxml/schema/MARC21slim.xsd"
    xmlns="http://www.loc.gov/MARC21/slim">

  <leader>01290nam a22002417a 4500</leader>
  <datafield tag="999" ind1=" " ind2=" ">
    <subfield code="c">56027</subfield>
    <subfield code="d">56027</subfield>
  </datafield>
  <controlfield tag="005">20240228095109.0</controlfield>
  <controlfield tag="008">      s2551    th                  tha d</controlfield>
  <datafield tag="020" ind1=" " ind2=" ">
    <subfield code="a">9789740462514</subfield>
  </datafield>
  <datafield tag="040" ind1=" " ind2=" ">
    <subfield code="a">NALT</subfield>
  </datafield>
  <datafield tag="041" ind1="1" ind2=" ">
    <subfield code="a">tha</subfield>
    <subfield code="h">eng</subfield>
  </datafield>
  <datafield tag="050" ind1=" " ind2=" ">
    <subfield code="a">Q 126 </subfield>
    <subfield code="b">&#xE21;867&#xE22; 2551</subfield>
  </datafield>
  <datafield tag="100" ind1="1" ind2=" ">
    <subfield code="a">&#xE41;&#xE21;&#xE17;&#xE17;&#xE34;&#xE27;&#xE2A;&#xE4C;, &#xE42;&#xE23;&#xE40;&#xE1A;&#xE34;&#xE23;&#xE4C;&#xE15; </subfield>
    <subfield code="9">39803</subfield>
  </datafield>
  <datafield tag="245" ind1="1" ind2="0">
    <subfield code="a">25 &#xE04;&#xE27;&#xE32;&#xE21;&#xE04;&#xE34;&#xE14;&#xE1E;&#xE25;&#xE34;&#xE01;&#xE42;&#xE25;&#xE01; : &#xE40;&#xE23;&#xE37;&#xE48;&#xE2D;&#xE07;&#xE23;&#xE32;&#xE27;&#xE04;&#xE27;&#xE32;&#xE21;&#xE04;&#xE34;&#xE14;&#xE27;&#xE34;&#xE17;&#xE22;&#xE32;&#xE28;&#xE32;&#xE2A;&#xE15;&#xE23;&#xE4C;&#xE17;&#xE35;&#xE48;&#xE01;&#xE33;&#xE25;&#xE31;&#xE07;&#xE40;&#xE1B;&#xE25;&#xE35;&#xE48;&#xE22;&#xE19;&#xE41;&#xE1B;&#xE25;&#xE07;&#xE42;&#xE25;&#xE01; = </subfield>
    <subfield code="b">25 big ideas : the science that's changing our world / </subfield>
    <subfield code="c">&#xE42;&#xE23;&#xE40;&#xE1A;&#xE34;&#xE23;&#xE4C;&#xE15; &#xE41;&#xE21;&#xE17;&#xE17;&#xE34;&#xE27;&#xE2A;&#xE4C;, &#xE40;&#xE02;&#xE35;&#xE22;&#xE19; ; &#xE0A;&#xE31;&#xE22;&#xE27;&#xE31;&#xE12;&#xE19;&#xE4C; &#xE04;&#xE38;&#xE1B;&#xE23;&#xE30;&#xE15;&#xE01;&#xE38;&#xE25;, &#xE41;&#xE1B;&#xE25;.</subfield>
  </datafield>
  <datafield tag="260" ind1=" " ind2=" ">
    <subfield code="a">&#xE01;&#xE23;&#xE38;&#xE07;&#xE40;&#xE17;&#xE1E;&#xE2F; : </subfield>
    <subfield code="b">&#xE27;&#xE35;.&#xE27;&#xE34;&#xE0A;&#xE0A;&#xE4C;, </subfield>
    <subfield code="c">2551.</subfield>
  </datafield>
  <datafield tag="300" ind1=" " ind2=" ">
    <subfield code="a">285 &#xE2B;&#xE19;&#xE49;&#xE32; ;</subfield>
    <subfield code="b"> </subfield>
    <subfield code="c">23 &#xE0B;&#xE21;.</subfield>
  </datafield>
  <datafield tag="650" ind1=" " ind2="4">
    <subfield code="a">&#xE27;&#xE34;&#xE17;&#xE22;&#xE32;&#xE28;&#xE32;&#xE2A;&#xE15;&#xE23;&#xE4C;</subfield>
    <subfield code="9">39804</subfield>
    <subfield code="x">&#xE17;&#xE24;&#xE29;&#xE0E;&#xE35;</subfield>
  </datafield>
  <datafield tag="650" ind1=" " ind2="4">
    <subfield code="a">&#xE27;&#xE34;&#xE17;&#xE22;&#xE32;&#xE28;&#xE32;&#xE2A;&#xE15;&#xE23;&#xE4C;</subfield>
    <subfield code="9">39806</subfield>
    <subfield code="x">&#xE1B;&#xE23;&#xE30;&#xE27;&#xE31;&#xE15;&#xE34;&#xE41;&#xE25;&#xE30;&#xE27;&#xE34;&#xE08;&#xE32;&#xE23;&#xE13;&#xE4C;</subfield>
  </datafield>
  <datafield tag="700" ind1="0" ind2=" ">
    <subfield code="a">&#xE0A;&#xE31;&#xE22;&#xE27;&#xE31;&#xE12;&#xE19;&#xE4C; &#xE04;&#xE38;&#xE1B;&#xE23;&#xE30;&#xE15;&#xE01;&#xE38;&#xE25;</subfield>
    <subfield code="9">11559</subfield>
  </datafield>
  <datafield tag="700" ind1="1" ind2=" ">
    <subfield code="9">39805</subfield>
    <subfield code="a">Matthews, Robert </subfield>
  </datafield>
  <datafield tag="850" ind1=" " ind2=" ">
    <subfield code="a">NALT</subfield>
  </datafield>
  <datafield tag="942" ind1=" " ind2=" ">
    <subfield code="c">GB</subfield>
    <subfield code="2">lcc</subfield>
    <subfield code="0">1</subfield>
  </datafield>
  <datafield tag="998" ind1=" " ind2=" ">
    <subfield code="j">111</subfield>
    <subfield code="k"> &#xE19;&#xE32;&#xE07;&#xE2A;&#xE32;&#xE27;&#xE1E;&#xE08;&#xE1E;&#xE34;&#xE13;  &#xE1E;&#xE23;&#xE21;&#xE40;&#xE2D;&#xE35;&#xE48;&#xE22;&#xE21;</subfield>
  </datafield>
  <datafield tag="952" ind1=" " ind2=" ">
    <subfield code="0">0</subfield>
    <subfield code="1">0</subfield>
    <subfield code="2">lcc</subfield>
    <subfield code="4">0</subfield>
    <subfield code="7">0</subfield>
    <subfield code="8">CGBL</subfield>
    <subfield code="a">NALT</subfield>
    <subfield code="b">NALT</subfield>
    <subfield code="d">2024-02-28</subfield>
    <subfield code="e">&#xE08;&#xE31;&#xE14;&#xE0B;&#xE37;&#xE49;&#xE2D;&#xE17;&#xE23;&#xE31;&#xE1E;&#xE22;&#xE32;&#xE01;&#xE23;</subfield>
    <subfield code="g">320.00</subfield>
    <subfield code="l">1</subfield>
    <subfield code="o">Q 126 &#xE21;867&#xE22; 2551</subfield>
    <subfield code="p">3961173890</subfield>
    <subfield code="r">2024-03-07 00:00:00</subfield>
    <subfield code="s">2024-02-28</subfield>
    <subfield code="t">&#xE09;. 1</subfield>
    <subfield code="v">370.00</subfield>
    <subfield code="w">2017-06-09</subfield>
    <subfield code="y">GB</subfield>
  </datafield>
</record>
